Liegen diese Länder auf einer Höhe? - Statistiken

Allgemein
  • Dieses Quiz wurde 45 mal gespielt
  • Das Durchschnittsergebnis liegt bei 7 aus 10
Antwortstatistiken
Frage Antwort % Korrekt
Dänemark und Ukraine Nein
79%
Kuba und Marokko Ja
72%
Brunei und Vietnam Nein
72%
Bolivien und Ecuador Nein
69%
Afghanistan und Syrien Ja
67%
Burkina Faso und Liberia Nein
67%
Jordanien und Kuwait Ja
64%
Irland und Litauen Ja
59%
Chile und Kamerun Nein
56%
Algerien und Sudan Ja
46%
Keine übereinstimmenden Quizze gefunden
Verteilung der Resultate
Anzahl Personen mit jedem Resultat
Perzentil nach korrekt beantworteten Fragen
Ihre Resultats-Entwicklung
Sie haben dieses Quiz noch nicht gespielt